000 00265nam a2200085Ia 4500
245 0 _aBlind voices : a collection of radio plays
100 _a Moolman, Kobus Braamfontein, South Africa, 2007
_983584
942 _cBK
008 210817s9999 xx 000 0 und d
999 _c304988
_d304986